000
00270nam a2200097Ia 4500
001
800633
005
20250826171023.0
008
250824s9999 xx 000 0 und d
245
0
_a
KAFADAN YUMURTA ÖZEL YETENEKSİZMİYİM?
_c
YUSUF ASAL
260
_b
UĞUR BÖCEĞİ YAYINLARI
999
_c
800633
_d
800633